Dreams, questions, struggles : (Record no. 61310)

MARC details
000 -LEADER
fixed length control field 01661nam a22002537a 4500
005 - DATE AND TIME OF LATEST TRANSACTION
control field 20120120115746.0
010 ## - LCCN (DPL NO)
LC control number B-445512-516
020 ## - INTERNATIONAL STANDARD BOOK NUMBER
International Standard Book Number 9788125031963
Terms of availability 395.00
035 ## - SYSTEM CONTROL NUMBER
System control number B-445512-516
037 ## - SOURCE OF ACQUISITION
Stock number dpl
Source of stock number/acquisition Pub
082 ## - DEWEY DECIMAL CLASSIFICATION NUMBER
Classification number 305.488914041
100 ## - MAIN ENTRY--PERSONAL NAME
Personal name Wilson, Amrit
245 ## - TITLE STATEMENT
Title Dreams, questions, struggles :
Remainder of title South Asian women in Britain /
Statement of responsibility, etc by Amrit Wilson
260 ## - PUBLICATION, DISTRIBUTION, ETC. (IMPRINT)
Place of publication, distribution, etc Hyderabad
Name of publisher, distributor, etc Orient Longman
Date of publication, distribution, etc 2006
270 ## - ADDRESS
Address 3-6-752 Himayatnagar
City Hyderbad
Postal code 500029 (A.P.) India
300 ## - PHYSICAL DESCRIPTION
Extent ix,190p.
Dimensions 21cm(pbk)
942 ## - ADDED ENTRY ELEMENTS (KOHA)
Source of classification or shelving scheme Dewey Decimal Classification
Item type English Books
Call number suffix WIL
Classification part 305.488914041
Holdings
Withdrawn status Lost status Not for loan Collection code Home library Current library Date acquired Source of acquisition Cost, normal purchase price Full call number Barcode Copy number Cost, replacement price Koha item type
      Non-fiction Central Library Central Library 02/02/2012 Allied Pub/1143/26.09.2011/04/15.09.2011/09.11.2011 395.00 305.488914041 WIL B-445512 1 395.00 English Books
      Non-fiction Karol Bagh Karol Bagh 02/02/2012 Allied Pub/1143/26.09.2011/04/15.09.2011/09.11.2011 395.00 305.488914041 WIL B-445515 1 395.00 English Books
      Non-fiction Patel Nagar Patel Nagar 02/02/2012 Allied Pub/1143/26.09.2011/04/15.09.2011/09.11.2011 395.00 305.488914041 WIL B-445513 1 395.00 English Books
      Non-fiction Sarojini Nagar Sarojini Nagar 02/02/2012 Allied Pub/1143/26.09.2011/04/15.09.2011/09.11.2011 395.00 305.488914041 WIL B-445514 1 395.00 English Books
      Non-fiction Shahdara Branch Shahdara Branch 02/02/2012 Allied Pub/1143/26.09.2011/04/15.09.2011/09.11.2011 395.00 305.488914041 WIL B-445516 1 395.00 English Books

© Delhi Public Library
Hit Counter
free hit counter